Rafi Ahmad Kidwai: a memoir of his life and times (Record no. 371585)

000 -LEADER
fixed length control field 00388cam a22001337a 4500
008 - FIXED-LENGTH DATA ELEMENTS--GENERAL INFORMATION
fixed length control field 180718b1965 xxu||||| |||| 00| 0 eng d
082 ## - DEWEY DECIMAL CLASSIFICATION NUMBER
Classification number A99 K541/J199
100 ## - MAIN ENTRY--PERSONAL NAME
Personal name Jain, Ajit Prasad
245 ## - TITLE STATEMENT
Title Rafi Ahmad Kidwai: a memoir of his life and times
Statement of responsibility, etc. by Ajit Prasad Jain
260 ## - PUBLICATION, DISTRIBUTION, ETC.
Place of publication, distribution, etc. Bombay
Name of publisher, distributor, etc. Asia
Date of publication, distribution, etc. 1965
300 ## - PHYSICAL DESCRIPTION
Extent 130p.
500 ## - GENERAL NOTE
General note Rs.14.00
650 ## - SUBJECT ADDED ENTRY--TOPICAL TERM
Topical term or geographic name entry element Kidwai, Rafi Ahmad, 1894-1954
Holdings
Withdrawn status Lost status Damaged status Not for loan Permanent Location Current Location Date acquired Full call number Barcode Date last seen Price effective from Koha item type
        Indian Institute of Public Administration Indian Institute of Public Administration 1994-06-10 A99 K541/J199 37255 2018-07-21 2018-07-21 Book

Powered by Koha